| 000 | 00534cab a2200217 4500 | ||
|---|---|---|---|
| 001 | X450 | ||
| 008 | 090401t1993 xxu||||| |||| 00| 0 eng d | ||
| 035 | _a(Sirsi) u65688 | ||
| 041 | _aeng | ||
| 100 | _aPowling, N. | ||
| 245 | _aUsing the code | ||
| 260 | _c1993 | ||
| 350 | _a0 | ||
| 490 |
_aChartered Quantity Surveyor _v15(6) February 1993, 19(1) |
||
| 650 | _aCHARTERED INSTITUTE OF BUILDING | ||
| 650 | _aCIOB | ||
| 650 | _aCODE OF PRACTICE | ||
| 690 |
_aProject management _96261 |
||
| 942 | _n0 | ||
| 948 | _c04/03/1997 | ||
| 999 |
_c40988 _d40988 |
||